El tigre sin selva: consecuencias ambientales de la transformación económica de Chile: 1974-1993
Kaydedildi:
| Yazar: | |
|---|---|
| Materyal Türü: | Kitap |
| Dil: | İspanyolca |
| Baskı/Yayın Bilgisi: |
Santiago
Instituto de Ecología Política
1994
|
| Konular: | |
| Etiketler: |
Etiketle
Etiket eklenmemiş, İlk siz ekleyin!
|
MARC
| LEADER | 00000nam a2200000 a 4500 | ||
|---|---|---|---|
| 001 | UCY5042 | ||
| 003 | CL-VaPUC | ||
| 008 | 950411e19940000CL |||||||||||||||||spa|d | ||
| 082 | 0 | 4 | |a 330.12 |b QUI |2 21 |
| 100 | 0 | |a Quiroga Martínez, Rayen |e author |9 333618 | |
| 245 | 1 | 3 | |a El tigre sin selva: consecuencias ambientales de la transformación económica de Chile: 1974-1993 |
| 300 | |a 490 p | ||
| 942 | |c BK | ||
| 945 | |d 19950411 00:00:00 |a oaravena | ||
| 260 | |a Santiago |b Instituto de Ecología Política |c 1994 | ||
| 650 | 0 | |a Medio ambiente |9 257625 | |
| 650 | 0 | |a Aspectos económicos |9 255165 | |
| 650 | 0 | |a Política ambiental |9 262970 | |
| 650 | 0 | |a Aspectos jurídicos |9 328188 | |
| 651 | 7 | |a CHILE |2 CL-VaPUC |9 333619 | |
| 583 | |a last modification |c 19950411 00:00:00 |k Rodrigo Vera | ||
| 999 | |c 232772 |d 232770 | ||
| 952 | |0 0 |1 0 |4 0 |6 330_120000000000000_QUI_1994 |7 0 |8 A |9 237646 |a BIBHIS |b BIBHIS |d 2019-11-15 |i 3075303 |o 330.12 QUI 1994 |p 3075303 |r 2025-01-20 |w 2019-11-15 |y BK |k HIS | ||
| 952 | |0 0 |1 0 |4 0 |6 330_120000000000000_QUI_1994 |7 0 |8 A |9 237647 |a BIBING |b BIBING |d 2019-11-15 |i 3118819 |o 330.12 QUI 1994 |p 3118819 |r 2025-01-20 |w 2019-11-15 |y BK |k GEO | ||